000 00474cam a2200193ua 4500
020 _c1.25
041 _aeng
_h
082 _a823.301
_bMAR/UN
100 _aMartin, A.S .
245 0 0 _aUncle Tom`s cabin /
_cA.S Martin.
_hTextual Documents
260 _aCalcutta :
_bOxford University Press ,
_c1963.
300 _a138 ; .
365 _a1.25
504 _a
700 1 _aStowe, Harriet Beecher .
942 _cBK
999 _c7820
_d7820